Ч. 6 : Механическая система электропривода; Проектирование и исследование автоматизированных электроприводов

Detalles Bibliográficos
Parent link:Удут, Леонид Степанович. Проектирование и исследование автоматизированных электроприводов: учебное пособие/ Л. С. Удут, О. П. Мальцева, Н. В. Кояин; Томский политехнический университет. Ч. 6 : Механическая система электропривода.— 2-е изд., перераб. и доп..— .— Томск: Изд-во ТПУ, 2007
Autor principal: Удут Л. С. Леонид Степанович
Otros Autores: Мальцева О. П. Ольга Павловна, Кояин Н. В. Николай Вадимович
Sumario:В учебном пособии рассмотрены вопросы расчета механической системы электроприводов. Представлены структурные схемы механической части и силового канала одно-и многодвигательных электроприводов, методика и примеры расчета параметров. Приведены необходимые справочные сведения. Пособие предназначено для студентов специальности 140604 - «Электропривод и автоматика промышленных установок и технологических комплексов».
Lenguaje:ruso
Publicado: 2007
Materias:
Formato: MixedMaterials Libro
KOHA link:https://koha.lib.tpu.ru/cgi-bin/koha/opac-detail.pl?biblionumber=136654

MARC

LEADER 00000nam2a2200000 4500
001 136654
005 20250416165451.0
035 |a (RuTPU)RU\TPU\book\148104 
035 |a RU\TPU\book\80326 
090 |a 136654 
100 |a 20080424d2007 m y0rusy50 ca 
101 0 |a rus 
102 |a RU 
105 |a a j 001zy 
200 0 |a Ч. 6 : Механическая система электропривода 
210 |d 2007 
215 |a 148 с.  |c ил. 
320 |a Библиогр.: с. 144-145. 
330 |a В учебном пособии рассмотрены вопросы расчета механической системы электроприводов. Представлены структурные схемы механической части и силового канала одно-и многодвигательных электроприводов, методика и примеры расчета параметров. Приведены необходимые справочные сведения. Пособие предназначено для студентов специальности 140604 - «Электропривод и автоматика промышленных установок и технологических комплексов». 
451 1 |0 (RuTPU)RU\TPU\book\80326  |t Ч. 6: Механическая система электропривода постоянного тока  |d 2004  |p 144 с. 
461 1 |0 136980  |9 136980  |a Удут, Леонид Степанович  |t Проектирование и исследование автоматизированных электроприводов  |o учебное пособие  |f Л. С. Удут, О. П. Мальцева, Н. В. Кояин  |g Томский политехнический университет  |e 2-е изд., перераб. и доп.  |c Томск  |n Изд-во ТПУ  |d 2007  |s Учебники Томского политехнического университета  |v Ч. 6 : Механическая система электропривода 
610 1 |a электроприводы 
610 1 |a механические системы 
610 1 |a параметры 
610 1 |a структурные схемы 
610 1 |a расчеты 
610 1 |a модернизация 
610 1 |a учебные пособия 
610 1 |a энергетика 
610 1 |a электротехника 
610 1 |a электромеханика 
610 1 |a электротехнологии 
675 |a 62-83-52(075.8)  |v 3 
700 1 |a Удут  |b Л. С.  |c специалист в области электротехники  |c доцент Томского политехнического университета, кандидат технических наук  |f 1940-  |g Леонид Степанович  |9 13952 
701 1 |a Мальцева  |b О. П.  |c специалист в области электротехники  |c доцент Томского политехнического университета, кандидат технических наук  |f 1955-  |g Ольга Павловна  |9 13951 
701 1 |a Кояин  |b Н. В.  |c специалист в области электротехники  |c доцент Томского политехнического университета, кандидат технических наук  |f 1957-  |g Николай Вадимович  |9 13953 
801 1 |a RU  |b 63413507  |c 20050322  |g PSBO 
801 2 |a RU  |b 63413507  |c 20201116  |g PSBO 
850 |a 63413507 
942 |c BK